Normal view
MARC view
Entry Nombre corporativo
001 - NÚMERO DE CONTROL
- campo de control: 63839
003 - IDENTIFICADOR DEL NÚMERO DE CONTROL
- campo de control: OSt
005 - FECHA Y HORA DE LA ÚLTIMA TRANSACCIÓN
- campo de control: 20210703221528.0
008 - DATOS DE LONGITUD FIJA
- campo de control de longitud fija: 200615|| aca||aabn | a|a d
040 ## - FUENTE DE LA CATALOGACIÓN
- Centro catalogador/agencia de origen: OSt
- Centro/agencia transcriptor: OSt
110 2# - ENCABEZAMIENTO-NOMBRE DE ENTIDAD CORPORATIVA
- Nombre de entidad corporativa o nombre de jurisdicción como elemento de entrada: Consejo Nacional de Seguridad Social (República Dominicana)
410 1# - TRAZADO DE VÉASE--NOMBRE DE ENTIDAD CORPORATIVA
- Nombre de entidad corporativa o nombre de jurisdicción como elemento de entrada: República Dominicana.
- Unidad subordinada: Consejo Nacional de Seguridad Social
410 1# - TRAZADO DE VÉASE--NOMBRE DE ENTIDAD CORPORATIVA
- Nombre de entidad corporativa o nombre de jurisdicción como elemento de entrada: República Dominicana
- Unidad subordinada: Secretaría de Estado de Trabajo.
- Unidad subordinada: Consejo Nacional de Seguridad Social
510 ## - TRAZADO DE VÉASE ADEMÁS--NOMBRE DE ENTIDAD CORPORATIVA
- Nombre de entidad corporativa o nombre de jurisdicción como elemento de entrada: República Dominicana
- Unidad subordinada: Sistema Dominicano de Seguridad Social
670 ## - FUENTE DE DATOS ENCONTRADOS
- Cita de la fuente: República Dominicana. 447, Ley no. 87-01 que crea el sistema dominicano de seguridad social y sus modificaciones., 2012.
670 ## - FUENTE DE DATOS ENCONTRADOS
- Cita de la fuente: República Dominicana. Ley no. 87-01 que crea el sistemas dominicano de seguridad social, 2001
